000 00843nam a2200229 u 4500
001 000036141
005 20200930074920.0
008 111219s1973 sp r 000 0 spa d
020 _a8470530860
040 _aDO-SdBNP
_bspa
_cBNPHU
082 _axxxx
_bS349
100 1 _aSchmidt, Alfred
_962177
240 1 0 _aGeschichte und struktur
_lespañol
245 1 0 _aHistroia y estructura :
_bcrítica del estructuralismo marxista /
_cAlfres Schmidt ; traducción Gustavo Muñoz ; revición y notas: Jacobo Muñoz.
260 _aMadrid :
_bPlaza Mayor,
_c[1973].
300 _a161 p. ;
_c21 cm.
490 1 _aSerie B
_v27, comunicación
590 _aPerteneció a la biblioteca personal de Juan Isidro Jimenes Grullón
700 1 _aMuñoz, Gustavo,
_etr.
_951638
710 1 _aMuñoz, Jacobo
_962178
830 0 _aSerie B
_v27, comunicación
_962179
999 _c35632
_d35632